Dolores, reumatismo... / (Record no. 149929)

MARC details
000 -LEADER
campo de control de longitud fija 00488nam a2200169 i 4500
001 - NÚMERO DE CONTROL
campo de control 149929
003 - IDENTIFICADOR DE NÚMERO DE CONTROL
campo de control ES-MaACL
005 - FECHA Y HORA DE LA ÚLTIMA TRANSACCIÓN
campo de control 20230906203320.0
007 - CAMPO FIJO DE DESCRIPCIÓN FÍSICA--INFORMACIÓN GENERAL
campo de control de longitud fija t|
008 - DATOS DE LONGITUD FIJA--INFORMACIÓN GENERAL
campo de control de longitud fija 071025s1967 sp ||||1| spa d
100 1# - ENTRADA PRINCIPAL--NOMBRE DE PERSONA
Nombre de persona Vander, Adrianus.
9 (RLIN) 113059
245 10 - MENCIÓN DEL TÍTULO
Título Dolores, reumatismo... /
Mención de responsabilidad, etc. A. Vander.
260 ## - PUBLICACIÓN, DISTRIBUCIÓN, ETC.
Lugar de publicación, distribución, etc. Barcelona :
Nombre del editor, distribuidor, etc. Sintes,
Fecha de publicación, distribución, etc. 1967.
300 ## - DESCRIPCIÓN FÍSICA
Extensión 143 p., 8 lám. ;
Dimensiones 19 cm.
650 #4 - PUNTO DE ACCESO ADICIONAL DE MATERIA--TÉRMINO DE MATERIA
Término de materia o nombre geográfico como elemento de entrada Reumatismo-
Subdivisión general Tratamiento .
9 (RLIN) 166042
852 ## - LOCALIZACIÓN
Ubicación ES-MaACL
Número de control de estantería C-31720
Sublocalización o colección R.62313
Holdings
Estatus retirado Estado de pérdida Estado de daño No para préstamo Biblioteca de origen Biblioteca actual Ubicación en estantería Fecha de adquisición Fuente de adquisición Total de préstamos Signatura topográfica completa Código de barras Visto por última vez Precio de reemplazo Tipo de ítem Koha
        Biblioteca del Ateneo de Madrid Biblioteca del Ateneo de Madrid Depósito 2 17/01/2008     C-31720 1156449 23/02/2023 23/02/2023 Libro impreso